000 01413nam a2200361 a 4500
001 ebr10590114
003 CaPaEBR
006 m u
007 cr cn|||||||||
008 731003s1966 ne bh sb 000 0 eng d
010 _z 65022211
020 _z9783111050546
020 _z9783111414508 (e-book)
040 _aCaPaEBR
_cCaPaEBR
035 _a(OCoLC)654858122
043 _aa-cc---
050 1 4 _aDS327
_b.C4 1966eb
082 0 4 _a951/.03
100 1 _aZhu, Wenzhang,
_d1914-
245 1 4 _aThe Moslem rebellion in northwest China, 1862-1878
_h[electronic resource] :
_ba study of government minority policy /
_cby Wen-djang Chu.
260 _aThe Hague :
_bMouton & Co.,
_c1966.
300 _axiii, 232 p. :
_bfacsim., maps.
440 0 _aCentral Asiatic studies ;
_v5
504 _aIncludes bibliographical references (p. [207]-219).
533 _aElectronic reproduction.
_bPalo Alto, Calif. :
_cebrary,
_d2011.
_nAvailable via World Wide Web.
_nAccess may be limited to ebrary affiliated libraries.
650 0 _aMuslims
_zChina.
651 0 _aShaanxi Sheng (China)
_xHistory.
651 0 _aGansu Sheng (China)
_xHistory.
651 0 _aXinjiang Uygur Zizhiqu (China)
_xHistory.
655 7 _aElectronic books.
_2local
710 2 _aebrary, Inc.
856 4 0 _uhttp://site.ebrary.com/lib/rucke/Doc?id=10590114
_zAn electronic book accessible through the World Wide Web; click to view
999 _c209435
_d209435